Nadmorskie miasta w Polsce - Statystyki

Ogólne statystyki
  • Ten quiz został rozwiązany 105 razy
  • Średni wynik to 12 z 16
Statystyki odpowiedzi
Miasto Ludność % Poprawnych
Gdańsk 486 345
100%
Gdynia 242 874
100%
Kołobrzeg 43 678
94%
Sopot 32 276
94%
Świnoujście 39 368
91%
Hel 2 835
89%
Łeba 3 100
79%
Władysławowo 9 363
79%
Ustka 13 950
78%
Jastarnia 2 627
69%
Krynica Morska 1 173
67%
Międzyzdroje 4 936
64%
Puck 10 644
61%
Darłowo 12 715
59%
Mielno 2 773
58%
Dziwnów 2 329
39%
Nie znaleziono quizów pasujących do podanych kryteriów
Rozkład punktacji
Procent ludzi z każdym wynikiem
Percentyl według liczby udzielonych odpowiedzi
Twoja historia wyników
Nie rozwiązałeś tego quizu